Geography by Category - Statistics

General Stats
  • This quiz has been taken 81 times
  • The average score is 9 of 12
Answer Stats
Hint Answer % Correct
Capitals starting with 'c'
97%
In Africa
88%
Germanic language
77%
In Europe
77%
Not on an Island
77%
Countries with less than 300 squared kilometres
75%
Which is an island
71%
In Oceania
71%
Also an official language in South America Dutch
70%
With less than 9,000,000 people
63%
Without an official Capital Nauru
63%
Containing the letter 'y' Conakry
45%
No matching quizzes found
Score Distribution
Percent of People with Each Score
Percentile by Number Answered
Your Score History
You have not taken this quiz